|
|
|
|
| LEADER |
02074nam a2200505 a 4500 |
| 001 |
nkc20122345015 |
| 003 |
CZ PrNK |
| 005 |
20130228122637.0 |
| 007 |
ta |
| 008 |
120227s2011 xr f 100 0 cze |
| 015 |
|
|
|a cnb002345015
|
| 020 |
|
|
|a 978-80-87533-01-7
|q (kroužková vazba) :
|c neprodejné
|
| 035 |
|
|
|a (OCoLC)791324978
|
| 040 |
|
|
|a ABA001
|b cze
|
| 041 |
0 |
|
|a cze
|a eng
|a slo
|
| 072 |
|
7 |
|a 658
|x Řízení a správa podniku
|2 Konspekt
|9 4
|
| 080 |
|
|
|a 658
|2 MRF
|
| 080 |
|
|
|a 005.94
|2 MRF
|
| 080 |
|
|
|a (062.534)
|2 MRF
|
| 080 |
|
|
|a (048.3)
|2 MRF
|
| 111 |
2 |
|
|a Znalosti pro tržní praxi (konference)
|d (2011 :
|c Olomouc, Česko)
|7 kn20120306012
|
| 245 |
1 |
0 |
|a Znalosti pro tržní praxi 2011 :
|b nová generace pracovníků (generace Y) = Knowledge for Market Use 2011 : new generation of workers (generation Y) : 24. a 25. listopadu 2011, Univerzita Palackého v Olomouci, Filozofická fakulta, katedra aplikované ekonomie : [mezinárodní vědecká konference : bulletin abstraktů]
|
| 246 |
3 |
0 |
|a Nová generace pracovníků (generace Y)
|
| 246 |
3 |
1 |
|a Knowledge for Market Use 2011
|
| 250 |
|
|
|a Vyd. 1.
|
| 260 |
|
|
|a Olomouc :
|b Societas Scientiarum Olomucensis II,
|c 2011
|
| 300 |
|
|
|a 109 s. ;
|c 21 cm +
|e 1 CD-ROM
|
| 500 |
|
|
|a Název z obálky
|
| 500 |
|
|
|a CD-ROM obsahuje plné texty příspěvků
|
| 500 |
|
|
|a 200 výt.
|
| 546 |
|
|
|a Část. anglický a slovenský text
|
| 650 |
0 |
7 |
|a podnikový management
|7 ph115763
|2 czenas
|
| 650 |
0 |
7 |
|a znalostní management
|7 ph136832
|2 czenas
|
| 650 |
0 |
9 |
|a industrial management
|2 eczenas
|
| 650 |
0 |
9 |
|a knowledge management
|2 eczenas
|
| 655 |
|
7 |
|a sborníky konferencí
|7 fd133333
|2 czenas
|
| 655 |
|
7 |
|a abstrakta
|7 fd131780
|2 czenas
|
| 655 |
|
9 |
|a proceedings of conferences
|2 eczenas
|
| 655 |
|
9 |
|a abstracts
|2 eczenas
|
| 710 |
2 |
|
|a Univerzita Palackého.
|b Katedra aplikované ekonomie
|7 olak2007365959
|
| 910 |
2 |
|
|a BOA001
|b 2-1297.955
|
| 990 |
|
|
|a BK
|
| 995 |
|
|
|a 01
|
| 991 |
|
|
|b 201302
|e n
|
| 996 |
6 |
|
|b 2610538767
|c 2-1297.955
|l MZK
|r Sklad / do 1 hodiny
|n 4
|p p.v.
|w 001313416
|u 000010
|a 1
|e BOA001
|j MZK50
|s P
|